00572 a2200169 450000100060000004000240000610000260003024000390005624500340009530000090012936200090013865000310014794200070017895201040018595200960028999900170038571024 cAnchieta - Itaigara aBranco, Samuel Murgel10aO saci e a reciclagem do lixolpor10aO saci e a reciclagem do lixo a15p.0 a2011 4aLiteratura infanto-juvenil cBK 00104070a88.1b88.1d2023-11-21l0o028.5 BRA SACp5088/ITAr2023-11-21 20:06:19w2023-11-21yBK 00102ddc4070a57.2b57.2d2024-07-05l0pif840r2024-07-05 12:29:37w2024-07-05yBKzOu c71024d71024